|
|
|
|
| LEADER |
01096nam a2200265 a 4500 |
| 001 |
16070284 |
| 008 |
130210s2010 caua b 001 0 eng d |
| 010 |
|
|
|a 2009054080
|
| 020 |
|
|
|a 9780470241554 (pbk.)
|
| 020 |
|
|
|a 0470241551 (pbk.)
|
| 040 |
|
|
|a DNLM/DLC
|c DLC
|d YDX
|d NLM
|d UKM
|d BTCTA
|d YDXCP
|d CDX
|d DLC
|d BD-DhAAL
|
| 082 |
0 |
0 |
|a 613
|2 22
|
| 245 |
0 |
0 |
|a Health promotion programs :
|b from theory to practice /
|c Carl I. Fertman, Diane D. Allensworth, editors.
|
| 260 |
|
|
|a San Francisco, CA :
|b Jossey-Bass,
|c c2010.
|
| 300 |
|
|
|a xxiv, 454 p. :
|b ill. ;
|c 24 cm.
|
| 504 |
|
|
|a Includes bibliographical references and index.
|
| 541 |
1 |
|
|e 00026628
|
| 650 |
|
0 |
|a Health promotion.
|
| 650 |
1 |
2 |
|a Health Promotion
|z United States.
|
| 650 |
2 |
2 |
|a Health Education
|z United States.
|
| 700 |
1 |
|
|a Fertman, Carl I.,
|d 1950-
|
| 700 |
1 |
|
|a Allensworth, Diane DeMuth.
|
| 852 |
1 |
|
|a Ayesha Abed Library
|j General Shelf.
|
| 999 |
|
|
|c 13183
|d 13183
|
| 952 |
|
|
|0 0
|1 0
|2 ddc
|4 0
|6 613_000000000000000_HEA
|7 0
|9 21950
|a JPGSPH
|b JPGSPH
|c GEN
|d 2013-02-11
|e Karim International
|g 5180.00
|l 0
|o 613 HEA
|p 3060026628
|r 2013-02-11
|t 1
|w 2013-02-11
|y BK
|